Soils and soil fertility

The book considers both urban and rural land use and includes discussions of lawns, artificial soils for greenhouse use, turfgrass for golf courses, and so forth. Weather, irrigagtion and drainage are given a chapter of their own,"water management" and environmental concerns are treated in...

詳細記述

保存先:
書誌詳細
第一著者: Troeh, Frederick R.
フォーマット: 図書
言語:Undetermined
出版事項: Oxford Blackwell 2005
主題:
タグ: タグ追加
タグなし, このレコードへの初めてのタグを付けませんか!
Thư viện lưu trữ: Trung tâm Học liệu Trường Đại học Cần Thơ
LEADER 00899nam a2200205Ia 4500
001 CTU_132063
008 210402s9999 xx 000 0 und d
020 |c 1539000 
082 |a 631.4 
082 |b T843 
100 |a Troeh, Frederick R. 
245 0 |a Soils and soil fertility 
245 0 |c Frederick R. Troeh, Louis M. Thompson 
260 |a Oxford 
260 |b Blackwell 
260 |c 2005 
520 |a The book considers both urban and rural land use and includes discussions of lawns, artificial soils for greenhouse use, turfgrass for golf courses, and so forth. Weather, irrigagtion and drainage are given a chapter of their own,"water management" and environmental concerns are treated in the "Soil pollution" 
650 |a Soil fertility,Khoa học đất,Màu mỡ của đất,Soil science 
904 |i Tuyến 
980 |a Trung tâm Học liệu Trường Đại học Cần Thơ